000 02721nam0a2200349 4500
001 RU\NLR\bibl\1132041
005 20260407060948.0
010 _a5-89846-559-6
_9500
021 _aRU
_b2007-54428
_92892
035 _a(nilc)RSL-KNO-003157217
035 _a(NLR Aleph) 001118948
090 _a1285687
_c1285687
100 _a20070821d2006 |||y0rusy50 ca
101 0 _arus
_avog
102 _aRU
105 _ay |||||||||
200 1 _aУроки литературного чтения на мансийском языке в 3 классе общеобразовательных школ
_eметодическое пособие для учителей начальных классов
_fДепартамент образования и науки Ханты-Мансийского авт. окр. - Югры, Гос. образовательное учреждение доп. проф. образования ХМАО - Югры "Ин-т повышения квалификации и развития регионального образования "
_g[авт.-сост. Акбаш Е.У.]
210 _aХанты-Мансийск
_cПолиграфист
_d2006
215 _a94 с.
_d22
606 1 _aЛитературное чтение
_jМетодические пособия
_xПреподавание
_xМансийская школа
_92488996
_3RU\NLR\auth\661477007
610 0 _aКультура. Наука. Просвещение -- Народное образование. Педагогические науки -- Общеобразовательная школа. Школьная педагогика -- Российская Федерация -- Методика преподавания отдельных учебных предметов -- Мансийский язык -- Мансийский язык как родной -- Методика первоначального обучения мансийскому языку -- Обучение чтению -- Дидактика -- Процесс обучения. Дидактические принципы -- Процесс обучения
686 _aЧ426.153Манс.1(2)02-221,0
_2rubbk
686 _aЧ426.15(2)02,01я8
702 1 _4220
_7ca
_8rus
_aАкбаш
_bЕ. У.
_gЕлена Устиновна
_953673
_3RU\NLR\auth\7770745
712 0 2 _4570
_aИнститут повышения квалификации и развития регионального образования
_cХанты-Мансийск
_9554300
_3RU\NLR\AUTH\8810027903
801 0 _aRU
_bРКП
_c20070821
801 1 _aRU
_bРГБ
_c20070821
801 2 _aRU
_bNLR
_c20070924
_grcr
942 _cBOOK
980 _aNB
980 _aNBR